The depression sourcebook / (Record no. 344146)

000 -LEADER
fixed length control field 00833 a2200193 4500
020 ## - INTERNATIONAL STANDARD BOOK NUMBER
International Standard Book Number 1565658566
020 ## - INTERNATIONAL STANDARD BOOK NUMBER
International Standard Book Number 9781565658561
082 04 - DEWEY DECIMAL CLASSIFICATION NUMBER
Classification number 616.8527
090 ## - LOCALLY ASSIGNED LC-TYPE CALL NUMBER (OCLC); LOCAL CALL NUMBER (RLIN)
-- 1630
-- 1630
100 1# - MAIN ENTRY--PERSONAL NAME
Personal name Quinn, Brian.
245 14 - TITLE STATEMENT
Title The depression sourcebook /
Statement of responsibility, etc. Brian Quinn.
260 ## - PUBLICATION, DISTRIBUTION, ETC.
Place of publication, distribution, etc. [S.l.] :
Name of publisher, distributor, etc. Lowell House,
Date of publication, distribution, etc. 1998.
300 ## - PHYSICAL DESCRIPTION
Extent 266 p. ;
Dimensions 23 cm.
500 ## - GENERAL NOTE
General note Paperback.
520 ## - SUMMARY, ETC.
Summary, etc. Clinical depression is extremely common, can affect a person''s ability to work effectively and in some c ases can be fatal. This volume describes what it is and how to identify the causes so as to alleviate the condition. '
856 40 - ELECTRONIC LOCATION AND ACCESS
Materials specified Amazon.com
Uniform Resource Identifier <a href="http://www.amazon.com/exec/obidos/ASIN/1565658566/chopaconline-20">http://www.amazon.com/exec/obidos/ASIN/1565658566/chopaconline-20</a>
856 40 - ELECTRONIC LOCATION AND ACCESS
Materials specified Amazon customer reviews
Uniform Resource Identifier <a href="http://www.chopac.org/cgi-bin/tools/azrev.pl?q=1565658566">http://www.chopac.org/cgi-bin/tools/azrev.pl?q=1565658566</a>
942 ## - ADDED ENTRY ELEMENTS (KOHA)
Institution code [OBSOLETE] NBS
Koha item type Book
Call number prefix 616.8527 GUI
Holdings
Withdrawn status Lost status Damaged status Not for loan Permanent Location Current Location Date acquired Total Checkouts Full call number Barcode Date last seen Date last checked out Price effective from Koha item type Public note
  Write Off     Central Library (CL) Central Library (CL) 08/28/2013 1 616.8527 GUI NBS1273 07/02/2015 07/02/2015 08/28/2013 Book No:67/2004/NIMS, Dated:23 August 2004
© 2023 Central Library, National University of Sciences and Technology. All Rights Reserved.